Co přinese zítřek? : Dialog. /
Uložené v:
| Hlavní autori: | , |
|---|---|
| Médium: | Kniha |
| Jazyk: | Czech French |
| Vydané: |
Praha :
Karolinum,
2003
|
| Vydanie: | 1. vyd. |
| Témy: | |
| ISBN: |
8024605422 (brož.) |
| Fyzický popis: |
285 s. |
| Tagy: |
Pridať tag
Žiadne tagy, Buďte prvý kto otaguje tento záznam!
|
Titul je dostupný aj v ... 

MARC
| LEADER | 00000nam a2200000 a 4500 | ||
|---|---|---|---|
| 001 | 000080921 | ||
| 003 | SVKK | ||
| 005 | 20040505000000.0 | ||
| 008 | 040209s2003 cs e czeo | ||
| 020 | |a 8024605422 (brož.) | ||
| 040 | |a SVKKK |b slo |c SVKKK |e AACR2 | ||
| 041 | 1 | |a cze |h fre | |
| 044 | |a cs |c CS | ||
| 080 | |a 316.42 |2 1997 | ||
| 080 | |a 316.3/.6 |2 1997 | ||
| 080 | |a 101 |2 1997 | ||
| 100 | 1 | |a Derrida, Jacques |4 aut | |
| 245 | 1 | 0 | |a Co přinese zítřek? : |b Dialog. / |c Jacques Derrida, Élisabeth Roudinesco |
| 250 | |a 1. vyd. | ||
| 260 | |a Praha : |b Karolinum, |c 2003 | ||
| 300 | |a 285 s. | ||
| 653 | 0 | |a človek a spoločnosť |2 SVKKKPH | |
| 653 | 0 | |a spoločnosť moderná |2 SVKKKPH | |
| 653 | 0 | |a dialógy |2 SVKKKPH | |
| 655 | 7 | |a príručky |2 SVKKKPH | |
| 700 | 1 | |a Roudinesco, Élisabeth |4 aut | |
| 910 | |a svkkk | ||
| 919 | |a 80-246-0542-2 | ||
| 974 | |a UH |d 20040330 | ||
| 974 | |a MI |d 20040312 | ||
| 974 | |a TI |d 20040505 | ||
| 998 | |a BK | ||
| 090 | |g SCKHL |k Sklad Pribinova 2. posch. |a III.195943 |j 958893 |i 2720021177 |s Absenčne | ||